000 00260nam a2200097Ia 4500
001 970441
005 20251230103055.0
008 250824s9999 xx 000 0 und d
245 0 _aSHERLOCK HOLMES - TEHLİKELİ MİRAS
_cSİR ARTHUR CONAN DOYLE
260 _bTİMAŞ
999 _c970441
_d970441